[Event "Groningen Combinatie op"]
[Site "Groningen"]
[Date "2024.05.09"]
[Round "1"]
[White "Margarido, Jose Miguel Teixeir"]
[Black "Ten Dam, Bram"]
[Result "1-0"]
[WhiteElo "2086"]
[BlackElo "1920"]
[PlyCount "111"]
[EventDate "2024.05.09"]
[EventType "swiss"]
[EventRounds "7"]
[EventCountry "NED"]
[SourceTitle "CB20_2024"]
[SourceDate "2024.05.16"]
[SourceVersion "1"]
[SourceVersionDate "2024.05.16"]
[SourceQuality "1"]

1. c4 e5 2. g3 f5 3. d4 e4 4. Nc3 Nf6 5. Bg5 Bb4 6. Qb3 Bxc3+ 7. Qxc3 h6 8. Bxf6 Qxf6 9. e3 0-0 10. Ne2 b6 11. Nf4 Bb7 12. Be2 d6 13. Rc1 Nd7 14. d5 Qxc3+ 15. Rxc3 Ne5 16. h4 Bc8 17. h5 a5 18. b3 Bd7 19. 0-0 Rae8 20. a3 Ra8 21. Kg2 Kh7 22. Rb1 Rfc8 23. Rc2 Ra7 24. Rd1 Kg8 25. Rd4 Rca8 26. Rc1 Nf7 27. g4 Ng5 28. gxf5 Bxf5 29. Rg1 Kf7 30. Rdd1 Kf6 31. Kf1 Rb8 32. Ke1 Bd7 33. Rc1 Bf5 34. Kd2 Ke5 35. Rg3 Raa8 36. Kc3 Ra7 37. Kb2 Re8 38. Rcg1 Raa8 39. R1g2 Rab8 40. a4 Kf6 41. Bg4 Bxg4 42. Rxg4 Re7 43. Ng6 Re5 44. Nxe5 Kxe5 45. Rf4 Rd8 46. Kc3 Rc8 47. Rh2 Rd8 48. Rh1 Rg8 49. Ra1 Nh3 50. Rf7 g5 51. hxg6 Rxg6 52. Rh1 Ng5 53. Rh5 Rg8 54. Re7+ Kf6 55. Rxc7 Nf7 56. Rh4 1-0